000 00536nam a22002057a 4500
005 20260226151914.0
008 260226b |||||||| |||| 00| 0 eng d
020 _a9788119552399
037 _cTextbook
040 _aFMUL
_cFMUL
041 _2eng
_aeng
084 _aNS445,J R5
_qFMUL
100 _aMahant, manik das
_91116787
245 _aKathak madhyama
260 _aDelhi
_bB.R. Rhythms
_c2025
300 _axi, 275 p.
650 _aFMUL
700 _aMahant, manav
_9754298
942 _2CC
_cTB
_hNS445, J R5
_n0
999 _c1680289
_d1680289